000 00533nam a2200205Ia 4500
005 20240823051934.0
008 240823s9999||||xx |||||||||||||| ||und||
020 _a978-81-265-4201-7
041 _aENGLISH
082 _A620.5 Q3
100 _aRamachandra Rao M S
245 0 _aNanoscience and Nanotechnology Fundamentals to Frontiers
250 _a1st
260 _c2013
_bWiley India Pv
_aNew Delhi
500 _aYES
650 _aNanoscience
_bNano Technology
700 _a Shubra Singh
942 _cBK
999 _c220718
_d220718